000
00312nam a2200121Ia 4500
008
220204s9999 xx 000 0 und d
082
_a
338.2 +331.101.262
_b
BAT
100
_a
BATRA, V P
245
0
_a
Economy and human resources
260
_a
Delhi
_b
BRPub Corp
_c
1978
650
_a
Manpower planning
942
_c
BK
999
_c
28337
_d
28337